Rashoman and seventeen other stories
Gespeichert in:
| 1. Verfasser: | |
|---|---|
| Format: | Buch |
| Sprache: | Englisch |
| Veröffentlicht: |
Londres
Penguin Books
2006
|
| Schriftenreihe: | Penguin Classics
|
| Schlagworte: | |
| Tags: |
Tag hinzufügen
Keine Tags, Fügen Sie den ersten Tag hinzu!
|
MARC
| LEADER | 00000nam a2200000 a 4500 | ||
|---|---|---|---|
| 001 | UCI1350 | ||
| 003 | CL-VaPUC | ||
| 008 | 070629e20060000UK |||||||||||||||||eng|d | ||
| 020 | |a 9780140449709 | ||
| 082 | 0 | 4 | |a 895.603 |b AKU |2 21 |
| 100 | |a Akutagawa, Ryunosuke |e author |9 521801 | ||
| 245 | 1 | 0 | |a Rashoman and seventeen other stories |
| 300 | |a 268 p | ||
| 942 | |c BK | ||
| 945 | |d 20070629 00:00:00 |a rbrito | ||
| 260 | |a Londres |b Penguin Books |c 2006 | ||
| 650 | 7 | |a CUENTOS JAPONESES |2 CL-VaPUC |9 337455 | |
| 650 | 0 | |a Literatura japonesa |9 266543 | |
| 583 | |a last modification |c 20070629 00:00:00 |k Rodrigo Vera | ||
| 490 | 0 | |a Penguin Classics | |
| 999 | |c 326179 |d 326177 | ||
| 952 | |0 0 |1 0 |4 0 |6 895_603000000000000_AKU_2006 |7 0 |8 A |9 407941 |a BIBGIM |b BIBGIM |d 2019-11-22 |i 4343638 |l 2 |m 3 |o 895.603 AKU 2006 |p 4343638 |r 2025-01-15 |s 2023-11-27 |w 2019-11-22 |y BK |k ORI | ||